Languages by Continent of Origin - Statistics

General Stats
  • This quiz has been taken 31 times
  • The average score is 22 of 30
Answer Stats
Hint Answer % Correct
Tamil Asia
90%
Spanish Europe
90%
French Europe
90%
Maltese Europe
90%
Khmer Asia
86%
Basque Europe
86%
English Europe
86%
Berber Africa
83%
Hebrew Asia
83%
Navajo North America
83%
Quechua South America
83%
Hausa Africa
79%
Amharic Africa
79%
Malagasy Africa
79%
Cree North America
79%
Tongan Oceania
79%
Afar Africa
76%
Sámi Europe
76%
Manx Europe
76%
Esperanto Europe
76%
Oromo Africa
72%
Telugu Asia
72%
Kannada Asia
69%
Cebuano Asia
69%
Hawaiian Oceania
69%
Greenlandic North America
66%
Odia Asia
55%
Aymara South America
55%
Chichewa Africa
38%
Chuukese Oceania
34%
No matching quizzes found
Score Distribution
Percent of People with Each Score
Percentile by Number Answered
Your Score History
You have not taken this quiz